Families and friends

Bibliographic Details
Main Author: Jarolimek, John
Other Authors: Rowell, Elizabeth H.
Format: Book
Published: New York : MacMillan , 1983
Subjects:

MARC

LEADER 00000cam a2200000 7i4500
001 0000001739
005 20220317.0
020 |a 002148340X 
040 |a INS 
090 0 0 |a PE1413   |b J37 1983 
100 1 |a Jarolimek, John 
245 1 0 |a Families and friends   |c John Jarolimek 
260 |a New York :   |b MacMillan ,   |c 1983 
300 |a 159p. ;   |c 26cm. 
500 |a Include Index 
650 0 |a English language   |x Composition and exercises 
650 0 |a Family 
650 0 |a Friends 
700 1 |a Rowell, Elizabeth H. 
999 |a 0000003757   |b BOOK   |c Open Shelf   |e Default branch